Normal view
MARC view
- Bowick, Chris
Entry Personal Name
001 - CONTROL NUMBER
- control field: 113804
003 - CONTROL NUMBER IDENTIFIER
- control field: NUST
005 - DATE AND TIME OF LATEST TRANSACTION
- control field: 20230725100017.0
008 - FIXED-LENGTH DATA ELEMENTS
- fixed length control field: 230725|| aca||aabn | a|a d
040 ## - CATALOGING SOURCE
- Original cataloging agency: NUST
- Transcribing agency: NUST
100 ## - HEADING--PERSONAL NAME
- Personal name: Bowick, Chris
670 ## - SOURCE DATA FOUND
- Source citation: Work cat.: (NUST)183013: Bowick, Chris., RF circuit design /, c1982.
